000 00649nam a22001937a 4500
003 OSt
005 20250702022305.0
008 250702b |||||||| |||| 00| 0 eng d
040 _aDWCL - Main lib
_cOC
082 _aFil. 657.046 D273a 2013
100 _aDayag, Antonio J.
245 _aAdvanced accounting :
_ba comprehensive and procedural approach/
_cAntonio J. Dayag
250 _aFirst edition
260 _aManila :
_bReSA Review School,
_cc2013.
300 _aVolume 1, ix, 430 pages :
_billustrations ;
_c 25cm.
650 _a1. Accounting
650 _a2. Accounting-Problems,exercises
942 _2ddc
_cBK - FIL
_eFirst edition
_kFil.
_n0
999 _c3343
_d3343